Statistics for The Ultimate Wrestling Finisher Quiz

Click here to take the quiz!

General Stats

  • This quiz has been taken 23 times
    (16 since last reset)
  • The average score is 126 of 200

Answer Stats

HintAnswer% Correct
The Big EndingBig E
100%
The BookendBooker T
100%
The CodebreakerChris Jericho
100%
Frog SplashEddie Guerrero
100%
The EdgecutionEdge
100%
Atomic Leg DropHulk Hogan
100%
The Attitude AdjustmentJohn Cena
100%
The Angle SlamKurt Angle
100%
RKORandy Orton
100%
The People's ElbowThe Rock
100%
The PedigreeTriple H
100%
Tombstone PiledriverUndertaker
100%
Batista BombBatista
92%
SharpshooterBret Hart
92%
The F5Brock Lesnar
92%
The JackhammerGoldberg
92%
The ChokeslamKane
92%
The World's Strongest SlamMark Henry
92%
The Twist of FateMatt Hardy
92%
619Rey Mysterio
92%
The Rikishi DriverRikishi
92%
5-Star Frog SplashRob Van Dam
92%
Sweet Chin MusicShawn Michaels
92%
StunnerSteve Austin/Stone Cold
92%
The Styles ClashAJ Styles
85%
Bossman SlamBig Bossman
85%
The Glorious DDTBobby Roode/Robert Roode
85%
Sister AbigailBray Wyatt/The Fiend
85%
Gory BombChavo Guerrero
85%
The MasterlockChris Masters
85%
The KillswitchChristian
85%
The GTSCM Punk
85%
CrossroadsCody Rhodes
85%
The Yes LockDaniel Bryan
85%
Dirty DeedsDean Ambrose
85%
The Zig ZagDolph Ziggler
85%
The ClaymoreDrew Mcintyre
85%
The Bionic ElbowDusty Rhodes
85%
The Earthquake SplashEarthquake
85%
Air BourneEvan Bourne
85%
Camel ClutchIron Sheik
85%
The Swanton BombJeff Hardy
85%
The Superfly SplashJimmy Snuka
85%
Starship PainJohn Morrison
85%
Jacknife PowerbombKevin Nash/Diesel
85%
Pop up PowerbombKevin Owens
85%
Perfect PlexMr. Perfect
85%
The RocketOwen Hart
85%
The Raven EffectRaven
85%
Razor's EdgeRazor Ramon/Scott Hall
85%
Figure 4 LeglockRic Flair
85%
Rico Spinning KickRico
85%
SpearRoman Reigns
85%
The Muscle BusterSamoa Joe
85%
The Steiner ReclinerScott Steiner
85%
Curb StompSeth Rollins
85%
Coast to CoastShane Mcmahon
85%
The KinshasaShinsuke Nakamura
85%
The TazzmissionTazz
85%
Million Dollar DreamTed Dibiase
85%
The BoogeyslamThe Boogeyman
85%
The Skull Crushing FinaleThe Miz
85%
Clash of the TitusTitus O'Neil
85%
Samoan SpikeUmaga
85%
The Vader BombVader
85%
Regal StretchWilliam Regal
85%
Banzai DropYokozuna
85%
Rough RyderZack Ryder
85%
The End of DaysBaron Corbin
77%
Running PowerslamBritish Bulldog/Braun Strowman
77%
The Bubba BombBubba Ray Dudley
77%
The Crippler CrossfaceChris Benoit
77%
The Diamond CutterDDP
77%
Amazing GraceD-Von Dudley
77%
Coup De GrasFinn Balor
77%
The Swagger BombJack Swagger
77%
The DDTJake Roberts
77%
Clothesline From HellJBL
77%
Trouble in ParadiseKofi Kingston
77%
Mandible ClawMick Foley
77%
Knox OutMike Knox
77%
The PlaymakerMVP
77%
The Rings of SaturnPerry Saturn
77%
The Flying Elbow DropRandy Savage
77%
The Rude AwakeningRick Rude
77%
ShellshockRyback
77%
The Dudley DogSpike Dudley
77%
The Scorpion DeathlockSting
77%
Spinning Toe HoldTerry Funk
77%
The Test DriveTest
77%
The Eye of the HurricaneThe Hurricane
77%
Lost in the WoodsXavier Woods
77%
The X-FactorX-Pac
77%
The Black MassAleister Black
69%
The FameasserBilly Gunn
69%
The NeutralizerCesaro
69%
The Haas of PainCharlie Haas
69%
The Crash LandingCrash Holly
69%
The Lo DownD'lo Brown
69%
The Elijah ExpressElijah Burke
69%
The DominatorFaarooq/Bobby Lashley
69%
The Alabama SlamHardcore Holly
69%
Yang TimeJimmy Wang Yang
69%
Salida Del SolKalisto
69%
The Awesome BombMike Awesome
69%
The Red ArrowNeville
69%
GoreRhyno
69%
Bro DerekRiddle
69%
The Helluva KickSami Zayn
69%
The CobraSantino Marella
69%
The WormScotty 2 Hotty
69%
Stevie KickStevie Richards
69%
Gorilla Press SlamUltimate Warrior
69%
The Snow PlowAl Snow
62%
The MeaniesaultBlue Meanie
62%
BackstabberCarlito
62%
The Book of EzekielEzekiel Jackson
62%
The Curtain CallGoldust
62%
The StrokeJeff Jarrett
62%
The Green Bay PlungeMr. Kennedy
62%
The CaterpillarOtis
62%
The AccoladeRusev
62%
Michinoku DriverTaka Michinoku
62%
Shake, Rattle, n' RollThe Honky Tonk Man
62%
ViscagraViscera
62%
The BullhammerWade Barrett
62%
The Cross ArmbreakerAlberto Del Rio
54%
Greetings from Asbury ParkBam Bam Bigelow
54%
The ShowstopperBig Show
54%
Crossface Chicken WingBob Backlund
54%
The BodogBo Dallas
54%
The Celtic CrossFinlay
54%
The ImpalerGangrel
54%
The Hip Hop DropGrand Master Sexay
54%
Da Shout OutJTG
54%
Torture RackLex Luger
54%
Rocker DropperMarty Jannetty
54%
The SleeperholdRoddy Piper/Brutus Beefcake
54%
Cobra ClutchSgt. Slaughter
54%
The T-Bone SuplexShelton Benjamin
54%
The BuzzsawTajiri
54%
The Pimp DropThe Godfather
54%
The Money ShotVal Venis
54%
Sliced Bread #2Brian Kendrick
46%
The Lumbar CheckCedric Alexander
46%
The Kona CrushCrush
46%
Texas CloverleafDean Malenko
46%
The Tongan Death GripHaku
46%
ThumpJunkyard Dog
46%
Flying Cross BodyRicky Steamboat
46%
Pumphandle SlamRoad Dogg
46%
The Lie DetectorR-Truth
46%
Carbon FootprintSnitsky/Matt Morgan
46%
The Iron CurtainVladimir Kozlov
46%
Pearl River PlungeAhmed Johnson
38%
Baldo BombAlbert
38%
The Wing ClipperAngel Garza
38%
The One PercentEC3
38%
FlatlinerKanyon
38%
The Tornado PunchKerry Von Erich/ The Texas Tornado
38%
12 StepLuke Gallows
38%
Discus ClotheslineLuke Harper
38%
The French TicklerRene Dupree
38%
The RecoilRicochet
38%
Tomahawk ChopTatanka
38%
The MeltdownAdam Bomb
31%
BrainbusterArn Anderson
31%
Ghetto BlasterBad News Brown
31%
What the Funk?Brodus Clay
31%
The Gut CheckDarren Young
31%
Bear HugHillbilly Jim
31%
Grand AmplitudeJason Jordan
31%
450 SplashJustin Gabriel/Paul London
31%
Sicilian SliceNunzio
31%
Walking the PlankPaul Burchill
31%
The Gas MaskPete Gas
31%
ThugnificentShad Gaspard
31%
The Spiccoli DriverTommy Dreamer
31%
Asai DDTUltimo Dragon
31%
No Laughing MatterBill Demott/Hugh Morrus
23%
The Whoopie CushionDoink
23%
Slop DropHenry O. Godwinn
23%
The TKOMarc Mero
23%
The Magic Carpet RideAriya Daivari
15%
The HeatseekerCurt Hawkins
15%
Special Versions of other Superstar's movesEugene
15%
The GhostbusterKoko B. Ware
15%
Fastball PunchNo Way Jose
15%
The Kid KrusherBilly Kidman
8%
New Jersey NaptimeDroz
8%
Original SinKevin Thorn
8%
Meat GrinderMeat/Shawn Stasiak
8%
Carotid Control TechniqueThe Mountie
8%
The Uncle SlamThe Patriot
8%
The Code of SilenceVito
8%
The Honor RollChristopher Nowinski
0%
Fuh-get-about-itJohnny Stamboli
0%
The ParalyzerKurrgan
0%
The Ego TripRob Conway
0%
The Punjabi PlungeThe Great Khai
0%

Score Distribution

Percentile by Number Answered

Percent of People with Each Score

Your Score History

You have not taken this quiz since the last reset